Indian voices of the Great War : (Record no. 593105)

000 -LEADER
fixed length control field 01704cam a2200361 a 4500
001 - CONTROL NUMBER
control field 727902
005 - DATE AND TIME OF LATEST TRANSACTION
control field 20230131184343.0
008 - FIXED-LENGTH DATA ELEMENTS--GENERAL INFORMATION
fixed length control field 980820s1999 enkabf b 001 0deng
010 ## - LIBRARY OF CONGRESS CONTROL NUMBER
LC control number 98042208
020 ## - INTERNATIONAL STANDARD BOOK NUMBER
International Standard Book Number 0333751442 (hard)
020 ## - INTERNATIONAL STANDARD BOOK NUMBER
International Standard Book Number 0333751450 (paper)
020 ## - INTERNATIONAL STANDARD BOOK NUMBER
International Standard Book Number 0312220618
040 ## - CATALOGING SOURCE
Original cataloging agency DLC
Transcribing agency DLC
Modifying agency DLC
043 ## - GEOGRAPHIC AREA CODE
Geographic area code e-fr---
-- a-ii---
050 00 - LIBRARY OF CONGRESS CALL NUMBER
Classification number D549.I53
Item number I53 1999
082 00 - DEWEY DECIMAL CLASSIFICATION NUMBER
Classification number 940.48154,TUL
Edition number 21
245 00 - TITLE STATEMENT
Title Indian voices of the Great War :
Remainder of title soldiers' letters, 1914-18 /
Statement of responsibility, etc. selected and introduced by David Omissi.
260 ## - PUBLICATION, DISTRIBUTION, ETC.
Place of publication, distribution, etc. Houndmills, Basingstoke, Hampshire :
Name of publisher, distributor, etc. Mamillan Press ;
Place of publication, distribution, etc. New York :
Name of publisher, distributor, etc. St. Martin's Press,
Date of publication, distribution, etc. 1999.
300 ## - PHYSICAL DESCRIPTION
Extent xxvii, 382 p., [8] p. of plates :
Other physical details ill., maps ;
Dimensions 25 cm.
505 ## - FORMATTED CONTENTS NOTE
Formatted contents note Introduction (Page-1), The letters (Page-23), 1914-15 (Page-23), 1916 (Page-131), 1917 (Page-263), 1918 (Page-345).
610 10 - SUBJECT ADDED ENTRY--CORPORATE NAME
Corporate name or jurisdiction name as entry element India.
Subordinate unit Army
Form subdivision Biography.
9 (RLIN) 108313
610 10 - SUBJECT ADDED ENTRY--CORPORATE NAME
Corporate name or jurisdiction name as entry element India.
Subordinate unit Army
General subdivision History
Chronological subdivision World War, 1914-1918.
9 (RLIN) 106726
650 #0 - SUBJECT ADDED ENTRY--TOPICAL TERM
Topical term or geographic name entry element World War, 1914-1918
General subdivision Campaigns
Geographic subdivision France.
9 (RLIN) 49310
650 #0 - SUBJECT ADDED ENTRY--TOPICAL TERM
Topical term or geographic name entry element Soldiers
Geographic subdivision India
Form subdivision Correspondence.
9 (RLIN) 108314
650 #0 - SUBJECT ADDED ENTRY--TOPICAL TERM
Topical term or geographic name entry element World War, 1914-1918
Form subdivision Personal narratives, Indian.
9 (RLIN) 108315
700 1# - ADDED ENTRY--PERSONAL NAME
Personal name Omissi, David E.,
Dates associated with a name 1960-
9 (RLIN) 108316
856 42 - ELECTRONIC LOCATION AND ACCESS
Materials specified Contributor biographical information
Uniform Resource Identifier <a href="http://www.loc.gov/catdir/bios/hol057/98042208.html">http://www.loc.gov/catdir/bios/hol057/98042208.html</a>
856 42 - ELECTRONIC LOCATION AND ACCESS
Materials specified Publisher description
Uniform Resource Identifier <a href="http://www.loc.gov/catdir/description/hol056/98042208.html">http://www.loc.gov/catdir/description/hol056/98042208.html</a>
856 41 - ELECTRONIC LOCATION AND ACCESS
Materials specified Table of contents
Uniform Resource Identifier <a href="http://www.loc.gov/catdir/toc/fy036/98042208.html">http://www.loc.gov/catdir/toc/fy036/98042208.html</a>
906 ## - LOCAL DATA ELEMENT F, LDF (RLIN)
a 7
b cbc
c orignew
d 1
e ocip
f 19
g y-gencatlg
942 ## - ADDED ENTRY ELEMENTS (KOHA)
Source of classification or shelving scheme
Koha item type Book
Holdings
Withdrawn status Lost status Source of classification or shelving scheme Damaged status Not for loan Permanent Location Current Location Shelving location Date acquired Total Checkouts Full call number Barcode Date last seen Price effective from Koha item type Public note
          Military College of Signals (MCS) Military College of Signals (MCS) General Stacks 01/31/2023   940.48154,TUL MCS37595 01/31/2023 01/31/2023 Book Almirah No.60, Shelf No.1
© 2023 Central Library, National University of Sciences and Technology. All Rights Reserved.